Справочник по MathCAD PLUS 6.0 PRO; Универсальная система математических расчетов

Bibliografiske detaljer
Hovedforfatter: Дьяконов В. П. Владимир Павлович
Sprog:russisk
Udgivet: Москва, СК Пресс, 1997
Serier:Библиотека PC Week/RE
Fag:
Format: Ukendt
KOHA link:https://koha.lib.tpu.ru/cgi-bin/koha/opac-detail.pl?biblionumber=5570

MARC

LEADER 00000nmm0a2200000 4500
001 5570
005 20231030175635.0
010 |a 5892330117 
035 |a (RuTPU)RU\TPU\book\5598 
035 |a BOOK00005650 
090 |a 5570 
100 |a 20011209d1997 km y0rusy50 ca 
101 0 |a rus 
102 |a RU 
105 |a a gj 000zy 
200 1 |a Справочник по MathCAD PLUS 6.0 PRO  |a Универсальная система математических расчетов  |f В. П. Дьяконов 
210 |a Москва  |c СК Пресс  |d 1997 
215 |a 336 с.  |c ил. 
225 1 |a Библиотека PC Week/RE 
610 1 |a программирование 
610 1 |a пакеты программ 
610 1 |a MathCAD 
610 1 |a MathCAD PLUS 6.0 PRO 
610 1 |a системы программирования 
610 1 |a справочники 
675 |a 681.3.068(03)  |v 3 
700 1 |a Дьяконов  |b В. П.  |g Владимир Павлович 
801 0 |a RU  |b 63413507  |c 20011209  |g PSBO 
801 2 |a RU  |b 63413507  |c 20130617  |g PSBO 
900 |a Программное обеспечение персональных ЭВМ 
900 |a Информатика 
900 |a Математическое моделирование 
942 |c MX